000 00551cam a2200145 4500500
005 20260208010107.0
041 _afre
042 _adc
100 1 0 _aNies, Fritz
_eauthor
245 0 0 _aLa France, pays ouvert : l'afflux de richesses exogènes par la traduction au XVIIIe siècle
260 _c2013.
500 _a74
786 0 _nRevue d'histoire littéraire de la France | 113 | 1 | 2013-02-18 | p. 55-70 | 0035-2411
856 4 1 _uhttps://shs.cairn.info/revue-d-histoire-litteraire-de-la-france-2013-1-page-55?lang=fr&redirect-ssocas=7080
999 _c1655134
_d1655134